000 01222nam a2200205Ia 4500
003 Ost
005 20260507074929.0
008 260507s9999||||xx |||||||||||||| ||und||
040 _cfsecg
041 _aara
082 _a350
100 _aالفهداوي، فهمي خليفة
_eمؤلف
245 0 _aالسياسة العامة :
_bمنظور كلي في البنية والتحليل /
_c فهمي خليفة الفهداوي
250 _aطبعة 4
260 _aعمان:
_bدار المسيرة للنشر,
_c2016
300 _a358 صفحة؛
_bإيضاحات ؛
_c25 سم
520 _aيضم نشأة السياسة العامة وتطور مفاهيمها الحديثة،أنماط السياسة الهامة ومرتكزاتها البنيوية،تحليل السياسة العامة،نماذج اتخاذ القرار في السياسة العامة،نماذج صنع السياسة العامة من منظور العملية، البيئة المؤثرة وصناع السياسة العامة،عملية صنع السياسة العامة،عملية تنفيذ السياسة العامة،تقويم السياسة العامة
653 _aالإدارة العامة
942 _cكتاب
999 _c41846
_d41846